La mujer cubana ahora /
Sparad:
| Huvudupphovsman: | |
|---|---|
| Materialtyp: | Okänd |
| Språk: | Spanish |
| Publicerad: |
Cuba :
Editorial de Ciencias Sociales,
1972.
|
| Ämnen: | |
| Taggar: |
Lägg till en tagg
Inga taggar, Lägg till första taggen!
|
MARC
| LEADER | 000000000a22000000004500 | ||
|---|---|---|---|
| 001 | 002558 | ||
| 041 | 0 | |a spa | |
| 082 | 0 | 4 | |a 305.42 |b R186m |
| 100 | 1 | |a Randall, Margaret, |d 1936- | |
| 245 | 1 | 3 | |a La mujer cubana ahora / |c Margaret Randall. |
| 260 | 1 | |a Cuba : |b Editorial de Ciencias Sociales, |c 1972. | |
| 300 | |a 471 páginas | ||
| 505 | |a Contenido de v. 2: La mujer cubana, revolución en la revolución | ||
| 650 | 4 | |a MUJERES | |
| 650 | 4 | |a CUESTIONES SOCIALES Y MORALES | |
| 650 | 4 | |a MUJERES EN CUBA | |
| 999 | |c 8946 |d 8946 | ||
| 942 | |c BK |h 305.42 R186m |2 z | ||
